000 00660nam a2200241Ia 4500
001 49246
005 20240114003943.0
007 ta
008 090525s1976 g b000 u 465 u
040 _aCotton College,Assam
041 _a465
082 _a370.9
_bGh 346 Ed
100 _aGhosh, Suresh Chandra .
245 0 _aEducational Strategies in Developing Countries /
_cSuresh Chandra Ghosh.
_hTextual Documents
250 _a1st ed /
260 _aNew Delhi :
_bSterling publishers ,
_c1976.
300 _a139p ;
_c23 cm.
653 _aEducation
653 _aT/G-Education
942 _2ddc
_cBK
999 _c49211
_d49211